000 00694nam a2200205 a 4500
001 000025805
005 20200930024049.0
008 110222s1966 sp ac r 000 0 spa d
040 _aDO-SdBNP
_bspa
_cBNPHU
082 _aNNN
_bA749p
100 1 _aArniches y Barrera, Carlos,
_d1866-1943
_915569
245 1 0 _aLa pareja científica y otros sainetes /
_cCarlos Arniches ; edición de José Montero Padilla.
260 _aSalamanca :
_bAnaya,
_c1966.
300 _a67, [8] p. :
_bil., retrs. ;
_c17 cm.
490 1 _aBiblioteca Anaya
_v49
504 _aIncluye bibliografia (p. [28]-29)
700 1 _aMontero Padilla, José
_eed.
_99745
830 0 _aBiblioteca Anaya ;
_v49
_98674
049 _aBNGR
999 _c25297
_d25297